| 000 | 00725nam a22002297a 4500 | ||
|---|---|---|---|
| 005 | 20170124110213.0 | ||
| 010 | _aA-991855 | ||
| 020 |
_c375.00 _a9788172730128 |
||
| 035 | _aA-991855 | ||
| 037 | _bCen Lib/Ret | ||
| 040 |
_aDPL _bEN |
||
| 082 |
_a025.04 _bKRI |
||
| 100 |
_aKrishan Gopal _91223 |
||
| 245 |
_aDigital libraries in electronic information era / _cby Krishan Gopal |
||
| 260 |
_aDelhi _bAuthorspress _c2000 |
||
| 270 |
_aE-35/103, Jawahar Park (Shree Ganes Comlex), Laxmi Nagar _bDelhi _e110092 |
||
| 300 |
_avi,216p. _c21cm(Hb) |
||
| 500 | _aIncludes index | ||
| 650 |
_aDigital libraries--Management _938481 |
||
| 650 |
_aDigital libraries _9218 |
||
| 942 |
_2ddc _cEN _h025.4 _mKRI |
||
| 999 |
_c133630 _d133630 |
||